Sudden Death - Spanische Städte - Statistiken

Allgemein
  • Dieses Quiz wurde 418 mal gespielt
  • Das Durchschnittsergebnis liegt bei 9 aus 14
Answers on the Grid
Answers color-coded by a green-red scale on the quiz's grid according to % correct below.
Valencia
Barcelona
Sevilla
Granada
Girona
A Coruña
Segovia
Murcia
La Paz
El Paso
Santa Cruz
Vigo
Gijón
Lecce
Parma
Cañasaz
Avilés
Levante
Ibiza
Madrid
 
Antwortstatistiken
Antwort % Korrekt
Madrid
90%
Sevilla
89%
Barcelona
88%
Valencia
88%
Granada
80%
Girona
70%
A Coruña
60%
Murcia
60%
Vigo
59%
Ibiza
58%
Gijón
57%
Levante
56%
Segovia
30%
Avilés
26%
Keine übereinstimmenden Quizze gefunden
Verteilung der Resultate
Anzahl Personen mit jedem Resultat
Perzentil nach korrekt beantworteten Fragen
Ihre Resultats-Entwicklung
Sie haben dieses Quiz noch nicht gespielt